000 00318nam a2200133Ia 4500
008 231129s2010||||xx |||||||||||||| ||spa||
040 _bspa
082 _a194 S858t
100 _aSierra Montoya Jorge Emilio
245 0 _aTras las huellas de Edgar Morin...
260 _c2010
264 _aASCUN
942 _2ddc
_cBKS
999 _c25574
_d25574